SAT Words HARD Click Quiz - D #5 - Statistics

General Stats
  • This quiz has been taken 316 times
  • The average score is 10 of 15
Answer Stats
Hint Answer % Correct
Loose, colourful African tunic Dashiki
90%
Act of selling or dispossessing an asset Divestiture
84%
Undesirable vestigial sediment; remnants Dregs
81%
Easy to lead or manipulate; or, can be drawn into wire Ductile
77%
Mend a tear in fabric with stitching Darn
74%
Diplomatic move or initiative Démarche
68%
Harsh criticism or denunciation Diatribe
68%
A state of low spirits; listlessness Doldrums
67%
State of unease or dissatisfaction Dysphoria
67%
Mischief; or, black magic Diablerie
65%
Dissolve into a liquid; melt away Deliquesce
57%
Period of old age marked by decline of mental faculty Dotage
53%
Embezzle money Defalcate
51%
Long sloping hill formed by glacial movement Drumlin
51%
Make wet and dirty Draggle
49%
No matching quizzes found
Score Distribution
Percent of People with Each Score
Percentile by Number Answered
Your Score History
You have not taken this quiz